000 01132nam a22003137a 4500
001 000454
003 DO-SdBPM
005 20241213095015.0
007 000454
008 160831b2009 sp |||| 00| 0 spa d
020 _a8403100756
040 _aDO-SdBPM
_bspa
_cBPMSU
082 4 _a133.142
_bC266a 2009
_222
092 _axxxxx
_bxxxxxx
100 1 _aCárdenas, Javier,
_d1970-
245 1 0 _aAtrévete :
_bcon los límites de la realidad : casos reales de los oyentes del programa explicados por Pedro Palao Pons /
_cJavier Cárdenas, Pedro Palao Pons
260 _aMadrid :
_bSociedad Española Radiodifusión
_c2009
300 _a245 p. ;
_c24 cm.
500 _aIncluye datos biográficos de los autores en la solapa de la cubierta
500 _aEn la portada: Cadena dial
590 _aInventariado, 2024/VM
650 4 _aDuendes
_vEstudio de casos
650 4 _aParapsicología
_vEstudio de casos
650 4 _aFantasmas
_vEstudio de casos.
650 4 _aPercepción extrasensorial
_vEstudio de casos.
700 1 _aPalao Pons, Pedro
_eautor
910 _aVMateo V. Control de calidad. BPMSU
942 _2ddc
_cBK
999 _c11264
_d11264